[Event "PUR-DOM m"]
[Site "Guaynabo"]
[Date "2013.09.28"]
[Round "2.5"]
[White "Ramirez, Carlos"]
[Black "Montanez Nazario, Robert"]
[Result "1-0"]
[WhiteElo "2116"]
[BlackElo "2121"]
[PlyCount "113"]
[EventDate "2013.09.27"]
[EventType "team-match"]
[EventRounds "2"]
[EventCountry "PUR"]
[SourceTitle "CBM 156 Extra"]
[Source "ChessBase"]
[SourceDate "2013.10.22"]
[SourceVersion "1"]
[SourceVersionDate "2013.10.22"]
[SourceQuality "1"]
[WhiteTeam "Dominican Republic"]
[BlackTeam "Puerto Rico"]
[WhiteTeamCountry "DOM"]
[BlackTeamCountry "PUR"]

1. d4 Nf6 2. f4 g6 3. Nf3 Bg7 4. c4 0-0 5. Nc3 d5 6. e3 c5 7. dxc5 Qa5 8. Qa4 Qxc5 9. Qb5 Qc7 10. cxd5 Ng4 11. Qc4 Qb6 12. Na4 Qd8 13. h3 Nf6 14. Nc3 Nbd7 15. e4 Nb6 16. Qd3 Nh5 17. Kf2 Qc7 18. Nb5 Qc5+ 19. Be3 Qb4 20. g4 Nf6 21. Bd4 Bd7 22. Nc3 Qxb2+ 23. Be2 Rfc8 24. e5 Ne8 25. a4 Qb3 26. Nd2 Rxc3 27. Bxc3 Qxd5 28. Bd4 Bc6 29. Bf3 Qd7 30. Bxc6 Qxc6 31. Bxb6 Qxb6+ 32. Qe3 Qe6 33. Qb3 Qd7 34. Rhd1 b6 35. Nf3 Qc8 36. Rac1 Qb8 37. Qc4 a6 38. Qc6 b5 39. a5 Bh6 40. g5 Bf8 41. Rd7 Ng7 42. Nd4 Ra7 43. Rxa7 Qxa7 44. Qb6 Qd7 45. Rc7 Qxh3 46. Qxa6 Qh2+ 47. Ke3 Qg3+ 48. Ke4 Nh5 49. Kd5 Nxf4+ 50. Kc6 Qd3 51. Nxb5 Nd5 52. Kb7 Nxc7 53. Nxc7 Qe4+ 54. Qc6 Qb4+ 55. Qb5 Qe4+ 56. Kb8 Qd4 57. a6 1-0

[Event "PUR-DOM m"]
[Site "Guaynabo"]
[Date "2013.09.27"]
[Round "1.5"]
[White "Montanez Nazario, Robert"]
[Black "Ramirez, Carlos"]
[Result "1/2-1/2"]
[WhiteElo "2121"]
[BlackElo "2116"]
[PlyCount "43"]
[EventDate "2013.09.27"]
[EventType "team-match"]
[EventRounds "2"]
[EventCountry "PUR"]
[SourceTitle "CBM 156 Extra"]
[Source "ChessBase"]
[SourceDate "2013.10.22"]
[SourceVersion "1"]
[SourceVersionDate "2013.10.22"]
[SourceQuality "1"]
[WhiteTeam "Puerto Rico"]
[BlackTeam "Dominican Republic"]
[WhiteTeamCountry "PUR"]
[BlackTeamCountry "DOM"]

1. e4 d5 2. exd5 Qxd5 3. Nc3 Qd6 4. d4 c6 5. Bc4 Nf6 6. Nge2 Bf5 7. Bf4 Qb4 8. Bb3 e6 9. 0-0 Be7 10. h3 0-0 11. Qd2 Nbd7 12. Rad1 Qb6 13. Qe3 Qd8 14. Bh2 Nb6 15. g4 Bg6 16. f4 h6 17. f5 exf5 18. gxf5 Bh5 19. Rd3 Bxe2 20. Qxe2 Re8 21. Be5 c5 22. Rg3 1/2-1/2

[Event "Merida Sub zt 2.3.5"]
[Site "Merida"]
[Date "2001.10.02"]
[Round "1"]
[White "Montanez Nazario, Robert"]
[Black "Sequera Paolini, Jose Rafael"]
[Result "0-1"]
[WhiteElo "2103"]
[BlackElo "2367"]
[PlyCount "76"]
[EventDate "2001.10.02"]
[EventType "swiss"]
[EventRounds "9"]
[EventCountry "VEN"]
[SourceTitle "EXT 2002"]
[Source "ChessBase"]
[SourceDate "2001.11.25"]
[SourceVersion "1"]
[SourceVersionDate "2001.11.25"]
[SourceQuality "1"]

1. e4 e6 2. d4 d5 3. Nc3 Bb4 4. e5 c5 5. a3 Bxc3+ 6. bxc3 Ne7 7. Qg4 0-0 8. Nf3 f5 9. exf6 Rxf6 10. Bg5 Nd7 11. Bxf6 Nxf6 12. Qf4 Qa5 13. Qc1 Qxc3+ 14. Nd2 Ne4 15. Rb1 Nf5 16. Rb3 Qxd4 17. Rf3 c4 18. c3 Qe5 19. Nxe4 Qxe4+ 20. Be2 Nh4 21. Rg3 Nxg2+ 22. Kf1 Ne3+ 23. Qxe3 Qxh1+ 24. Rg1 Qe4 25. Qc5 Qb1+ 26. Kg2 Qf5 27. Kf1 Bd7 28. Qc7 Rf8 29. f3 Qf7 30. Qxb7 e5 31. Kf2 Bf5 32. Qc6 Bd3 33. Bd1 e4 34. Rg3 e3+ 35. Ke1 e2 36. Bxe2 Re8 37. Rg2 Qe7 38. Qxd5+ Kh8 0-1

[Event "PUR-ch"]
[Site "San Juan"]
[Date "1999.??.??"]
[Round "?"]
[White "Montanez Nazario, Robert"]
[Black "Carrillo, Jose Antonio"]
[Result "1-0"]
[WhiteElo "2155"]
[BlackElo "1950"]
[PlyCount "115"]
[EventDate "1999.??.??"]
[EventType "tourn"]
[EventRounds "11"]
[EventCountry "PUR"]
[SourceTitle "EXT 2000"]
[Source "ChessBase"]
[SourceDate "1999.11.16"]
[SourceVersion "1"]
[SourceVersionDate "1999.11.16"]
[SourceQuality "1"]

1. d4 c5 2. d5 e5 3. c4 d6 4. e4 g6 5. Bd3 Bg7 6. Be3 Nf6 7. f3 0-0 8. Qd2 Bd7 9. Nc3 Na6 10. Nge2 Nc7 11. h4 h5 12. 0-0-0 Rb8 13. Rdg1 b5 14. cxb5 Nxb5 15. Bxb5 Bxb5 16. g4 Qa5 17. Ng3 hxg4 18. h5 gxf3 19. h6 Be2 20. hxg7 Rfe8 21. Nf5 Nh5 22. Rxh5 gxh5 23. Bxc5 Qxc5 24. Nh6+ Kh7 25. Qg5 Qxg1+ 26. Qxg1 Kxh6 27. b3 Rg8 28. Qxa7 Kxg7 29. Kd2 Rh8 30. Qe7 Rb6 31. Qg5+ Kh7 32. Qe7 Kg7 33. Qg5+ Kh7 34. Nxe2 fxe2 35. Kxe2 Ra6 36. Qxh5+ Kg7 37. Qg5+ Kh7 38. a4 Rb6 39. Qh4+ Kg7 40. Qg3+ Kf8 41. Qc3 Rh4 42. Qc4 Rh2+ 43. Kd3 Rh3+ 44. Kc2 Rh2+ 45. Kc3 Rh3+ 46. Kb2 Kg7 47. a5 Rb8 48. a6 Rhh8 49. Qc7 Rhd8 50. a7 Rbc8 51. Qe7 Kg6 52. b4 f6 53. b5 Rh8 54. Qxd6 Rh3 55. Qc6 Rch8 56. a8Q Rh2+ 57. Kb3 R8h3+ 58. Qc3 1-0